|
|
|
|
| LEADER |
00000nam a22000007a 4500 |
| 005 |
2020092108548.0 |
| 007 |
cr|||| |||| |
| 008 |
200921s2020 co |||||s|||| 00||0 spa d |
| 020 |
|
|
|a 978-958-784-426-9
|
| 035 |
|
|
|a 32091
|
| 040 |
|
|
|a vLex
|
| 090 |
|
|
|c 10743
|d 10743
|
| 100 |
1 |
|
|a Prieto-Rios, Enrique
|
| 245 |
1 |
0 |
|a Derecho internacional: investigacin̤, estudio y enseąnza
|h [Recurso electrn̤ico] :
|b Economa̕, medio ambiente y desarrollo frente al derecho internacional /
|c Enrique Prieto-Rios, Laura Betancur Restrepo, Paola Andrea Acosta Alvarado
|n Tomo 3
|
| 256 |
|
|
|a Servicio en ln̕ea
|
| 260 |
|
|
|a Bogot:̀
|b Editorial Universidad de Rosario (Colombia),
|c 2020
|
| 300 |
|
|
|a 1 recurso electrn̤ico
|
| 500 |
|
|
|a Los tres tomos que componen Derecho internacional: Investigacin̤, estudio y enseąnza recogen algunas de las reflexiones discutidas en el marco del Simposio Internacional Repensando y Renovando el Derecho Internacional dentro, desde y sobre la Amřica Latina, celebrado en Bogot,̀ en 2017. Los capt̕ulos que aqu ̕se incluyen (en espaǫl, inglš y portuguš) son resultado de ml︢tiples proyectos que buscaban responder a una premisa general: cm̤o repensar y renovar el derecho internacional en Amřica Latina. As ̕mismo, se busca aportar al conocimiento e investigacin̤ en esta materia a partir de las muchas preguntas que surgieron durante el simposio, pero que tambiň las desbordan y abren nuevos horizontes. Por ello, en el primer tomo, Historia(s) del derecho internacional, se presentan las reflexiones, entre otros, de los profesores Antony Anghie, Martti Koskenniemi y Anne Orford en torno a la historia del derecho internacional; en el segundo, Aproximaciones al derecho internacional, ideas sobre la educacin̤ y el derecho internacional, y en el tercero, Economa̕, medio ambiente y desarrollo frente al derecho internacional, disquisiciones sobre el imperialismo, la economa̕ y el medio ambiente. De este modo, en este libro se lograron incluir diferentes perspectivas sobre lo regional y lo universal y proponer un dil̀ogo entre internacionalistas latinoamericanos y de otras partes del mundo.
|
| 506 |
1 |
|
|a Disponible solo en los productos indicados
|d vLex Global
|d vLex Global (Academic Edition, excluding Law Schools)
|d vLex Global (U.S. Academic Edition, Law Schools)
|d vLex Global (U.S. Academic Edition, excluding Law Schools)
|d vLex Global (Academic Edition, Law Schools)
|
| 650 |
0 |
4 |
|a Derecho Internacional
|z Colombia
|
| 650 |
0 |
4 |
|a Derecho Militar
|z Colombia
|
| 700 |
1 |
|
|a Betancur Restrepo, Laura
|
| 700 |
1 |
|
|a Acosta Alvarado, Paola Andrea
|
| 740 |
0 |
|
|a vLex Libros (Servicio en ln̕ea)
|
| 856 |
4 |
0 |
|u http://vlex.com/source/derecho-internacional-investigacion-estudio-y-ense-anza-economia-medio-ambiente-y-desarrollo-frente-al-derecho-internacional-tomo-3-32091
|z Acceso restringido
|
| 942 |
|
|
|c BOOK
|
| 999 |
0 |
|
|a International Law
|
| 999 |
0 |
|
|a Military Law
|